000 01373 a2200253 4500
999 _c10960
_d10960
020 _a9780804712064
050 _aHD3616
_bJOH 1982
100 _aJohnson, Chalmers
_eauthor
245 _aMITI and the japanese miracle : growth of industrial policy : 1925-1975 /
_cChalmers Johnson.
264 _aStanford :
_bStanford university press,
_c
300 _axvi, 393 pages ;
336 _2rdacontent
_atext
_btxt
337 _2rdamedia
_aunmediated
_bn
338 _2rdacarrier
_avolume
_bnc
504 _aIncludes Bibliography and index.
505 _aThe Japanese "Miracle" The economic bureaucracy The rise of industrial policy Economic general staff From the Ministry of Munitions to MITI The institutions of high-speed growth Administrative guidance Internationalization A Japanese model?
520 _aAnnotation Positioning Statement: An explosive account of the resentments American policies are sowing around the world and of the payback that will be our harvest in the twenty-first century The hardcover received great review and media coverage. The author is incredibly well-connected and in constant demand as a speaker. The perfect match of author and subject
650 _aIndustrial policy
650 _aEconomics
650 _aHistory
651 _aJapan
700 _aChalmers Johnson
_eauthor
942 _2lcc
_cBK
_h3616
_iJOH
_kHD